• 首页
  • 本馆介绍
  • 公告通知
  • 最新文献
  • 馆藏检索
  • 电子资源
  • 读者导购
  • 参考咨询
  • 我的图书馆
  • 登录
  • 详细信息显示
  • 放入我的书架
  • 预约/预借图书
  • 作者相关作品
  • 分类相关作品
  • 丛书相关作品
  • 出版社相关作品

书目信息

  • 表格格式
  • 工作单格式
  • 卡片格式
题名:
333教育综合应试解析
    
 
作者: 徐影 主编
分册:  
出版信息: 北京   北京理工大学出版社  2019
页数: 432页
开本: 26cm
丛书名: 时代云图
单 册:
中图分类: G40-44
科图分类:
主题词: 教育学--jiao yu xue--研究生--入学考试--题解
电子资源:
ISBN: 978-7-5682-6797-7
000 01184nam 2200301 450
001 012001003627
005 20131013172136.0
010    @a978-7-5682-6797-7@dCNY79.80
099    @aCAL 012019063087
100    @a20190411d2019 em y0chiy50 ea
101 0  @achi
102    @aCN@b110000
105    @aak q 000yy
106    @ar
200 1  @a333教育综合应试解析@A333jiao yu zong he ying shi jie xi@f徐影主编
210    @a北京@c北京理工大学出版社@d2019
215    @a432页@c图@d26cm
225 2  @a时代云图@Ashi dai yun tu
225 2  @a凯程教育硕士考研精品课程系列@Akai cheng jiao yu shuo shi kao yan jing pin ke cheng xi lie
314    @a徐影, 凯程集训营首席课程规划师、“三化四阶五法”创始人之一。
330    @a《333教育综合应试解析》主要介绍教育硕士考试中教育综合部分的系统知识, 适合于备战全日制教育硕士的考生, 全书分为四个部分。每部分括复习指导、重点难点、考情分析、知识框架、考点全解、真题链接等栏目。
410  0 @12001 @a时代云图
410  0 @12001 @a凯程教育硕士考研精品课程系列
606 0  @a教育学@Ajiao yu xue@x研究生@x入学考试@j题解
690    @aG40-44@v5
701  0 @a徐影@Axu ying@4主编
801    @b江苏凤凰@c20191020
905    @b1233461-6@dG40-44@e1046@f6
    
    333教育综合应试解析/徐影主编.-北京:北京理工大学出版社,2019
    432页:图;26cm.-(时代云图).-(凯程教育硕士考研精品课程系列)
    
    
    ISBN 978-7-5682-6797-7:CNY79.80
    《333教育综合应试解析》主要介绍教育硕士考试中教育综合部分的系统知识, 适合于备战全日制教育硕士的考生, 全书分为四个部分。每部分括复习指导、重点难点、考情分析、知识框架、考点全解、真题链接等栏目。
●
相关链接 在E读中查询图书 在五车中查询图书 在当当中查询图书 在豆瓣中查询图书


正题名:333教育综合应试解析     索取号:G40-44/1046         预约/预借

序号 登录号 条形码 馆藏地/架位号 状态 备注
1 1233461   212334614   第一样本阅览室/ [索取号:G40-44/1046] 在馆    
2 1233462   212334623   第四借阅区/ [索取号:G40-44/1046] 在馆    
3 1233463   212334632   第四借阅区/ [索取号:G40-44/1046] 在馆    
4 1233464   212334641   教育系资料室/ [索取号:G40-44/1046] 在馆    
5 1233465   212334650   教育系资料室/ [索取号:G40-44/1046] 在馆    
6 1233466   212334669   教育系资料室/ [索取号:G40-44/1046] 在馆    
唐山师范学院图书馆 欢迎您!
大连网信软件有限公司© 版权所有